000 00637nam a2200241Ia 4500
003 OSt
005 20220918182505.0
006 a|||||r|||| 00| 0
007 ta
008 220917b |||||||| |||| 00| 0 eng d
024 _a32,729
037 _cTextual
040 _aARTS
_cARTS
_beng
041 _2eng
_aeng
082 _aO-,1N07x, L9 (EO)
100 _aSrivastava R N
_960402
245 0 _aW H Auden
_b the poet
260 _aDelhi
_bDoaba House
_c1979
300 _aviii,143p.
_ccm.
650 _aENGLISH LITERATURE
942 _hO-,1N07x, L9 (EO)
_cTEXL
_2CC
999 _c169163
_d169163